[Event "Oberliga Nord N 1516"]
[Site "Germany"]
[Date "2015.09.20"]
[Round "1.8"]
[White "Schmidt Brauns, Rainer"]
[Black "Stanau, Guido"]
[Result "1/2-1/2"]
[WhiteElo "2012"]
[BlackElo "2051"]
[PlyCount "96"]
[EventDate "2015.09.20"]
[EventType "team-tourn"]
[EventRounds "9"]
[EventCountry "GER"]
[SourceTitle "CBM 170 Extra"]
[Source "ChessBase"]
[SourceDate "2016.02.25"]
[SourceVersion "1"]
[SourceVersionDate "2016.02.25"]
[SourceQuality "1"]
[WhiteTeam "Marmstorf"]
[BlackTeam "Hamburg Koenigsspringer"]
[WhiteTeamCountry "GER"]
[BlackTeamCountry "GER"]

1. d4 Nf6 2. c4 e6 3. Nf3 b6 4. g3 Ba6 5. b3 Bb4+ 6. Bd2 Be7 7. Bg2 c6 8. 0-0 d5 9. Qc2 0-0 10. Bf4 Nbd7 11. Nbd2 Rc8 12. e4 c5 13. e5 Nh5 14. Be3 cxd4 15. Bxd4 b5 16. Bxa7 bxc4 17. bxc4 Bxc4 18. Nxc4 Rxc4 19. Qb3 Qa5 20. Bd4 Rb8 21. Qe3 g6 22. Rfc1 Ra4 23. Qc3 Qxc3 24. Rxc3 Rb7 25. Bf1 Ng7 26. g4 f6 27. Rb3 Rxb3 28. axb3 Rxa1 29. Bxa1 fxe5 30. Nxe5 Nxe5 31. Bxe5 Ne8 32. Bb5 Nf6 33. f3 Kf7 34. Kf2 Bc5+ 35. Ke2 Ke7 36. Bxf6+ Kxf6 37. f4 g5 38. fxg5+ Kxg5 39. Bd7 e5 40. Be6 d4 41. Kf3 h6 42. Ke4 Bd6 43. Bf5 Kh4 44. Kd5 Bb8 45. Ke4 Kg5 46. b4 h5 47. h4+ Kxh4 48. gxh5 Kxh5 1/2-1/2

[Event "Hamburg St Pauli op-A"]
[Site "Hamburg"]
[Date "2013.07.06"]
[Round "1"]
[White "Schmidt Brauns, Rainer"]
[Black "Bitan, Banerjee"]
[Result "1/2-1/2"]
[WhiteElo "2016"]
[BlackElo "2295"]
[PlyCount "79"]
[EventDate "2013.07.06"]
[EventType "swiss"]
[EventRounds "9"]
[EventCountry "GER"]
[SourceTitle "CBM 155 Extra"]
[Source "ChessBase"]
[SourceDate "2013.08.26"]
[SourceVersion "1"]
[SourceVersionDate "2013.08.26"]
[SourceQuality "1"]

1. d4 Nf6 2. c4 g6 3. Nc3 Bg7 4. e4 d6 5. Be2 0-0 6. Nf3 e5 7. 0-0 Nc6 8. d5 Ne7 9. Nd2 a5 10. Rb1 Nd7 11. a3 f5 12. b4 b6 13. f3 f4 14. Qb3 g5 15. Nd1 Rf6 16. Nf2 Rg6 17. Bb2 Kh8 18. Rfc1 h5 19. h3 Ng8 20. Rc2 Nh6 21. Re1 Nf6 22. c5 g4 23. hxg4 hxg4 24. fxg4 Nfxg4 25. Nxg4 Nxg4 26. Bxg4 Bxg4 27. Nf3 bxc5 28. bxc5 Rb8 29. Qd3 a4 30. Kf2 Rb3 31. Rh1+ Kg8 32. Qa6 Qb8 33. Bc1 Bxf3 34. gxf3 Rxf3+ 35. Ke1 Bf8 36. Qxa4 Qb1 37. Qd7 Re3+ 38. Kd1 Rd3+ 39. Ke1 Re3+ 40. Kd1 1/2-1/2

[Event "Hamburg St Pauli op-A"]
[Site "Hamburg"]
[Date "2010.07.13"]
[Round "4"]
[White "Schmidt Brauns, Rainer"]
[Black "Nugel, Karl Heinz"]
[Result "1-0"]
[WhiteElo "1970"]
[BlackElo "2083"]
[PlyCount "61"]
[EventDate "2010.07.10"]
[EventType "swiss"]
[EventRounds "9"]
[EventCountry "GER"]
[SourceTitle "EXT 2013"]
[Source "ChessBase"]
[SourceDate "2012.11.22"]
[SourceVersion "1"]
[SourceVersionDate "2012.11.22"]
[SourceQuality "1"]

1. d4 Nf6 2. c4 g6 3. Nc3 d5 4. Nf3 Bg7 5. Qb3 dxc4 6. Qxc4 0-0 7. e4 a6 8. Be2 b5 9. Qb3 c5 10. dxc5 Bb7 11. e5 Ne4 12. Nxe4 Bxe4 13. Bf4 Qa5+ 14. Bd2 Qc7 15. Qe3 Bd5 16. Bc3 Nc6 17. a3 a5 18. Bxb5 Bxf3 19. gxf3 Nxe5 20. 0-0 g5 21. Rfe1 f6 22. b4 Qb7 23. Be2 Ng6 24. b5 Nf4 25. Bc4+ Kh8 26. c6 Qc7 27. Qxe7 Qb6 28. Qe3 Qc7 29. Rad1 Rad8 30. Bd4 Qc8 31. Be6 1-0

[Event "Harburg-chC 7th"]
[Site "Hamburg"]
[Date "2009.07.05"]
[Round "4"]
[White "Powierski, Emil"]
[Black "Schmidt Brauns, Rainer"]
[Result "1-0"]
[WhiteElo "1879"]
[BlackElo "2044"]
[PlyCount "47"]
[EventDate "2009.07.03"]
[EventType "tourn"]
[EventRounds "5"]
[EventCountry "GER"]
[SourceTitle "EXT 2010"]
[Source "ChessBase"]
[SourceDate "2010.11.25"]
[SourceVersion "1"]
[SourceVersionDate "2010.11.25"]
[SourceQuality "1"]

1. e4 c6 2. d4 d5 3. exd5 cxd5 4. Bd3 Nc6 5. c3 Nf6 6. Bf4 g6 7. Nd2 Bg7 8. Ngf3 0-0 9. h3 Bf5 10. Bxf5 gxf5 11. g4 Qd7 12. Qc2 Qe6+ 13. Kf1 Ne4 14. Nh4 fxg4 15. hxg4 Nxd2+ 16. Bxd2 Qxg4 17. Nf5 Kh8 18. Nxg7 Qxg7 19. Bh6 Qg6 20. Qxg6 fxg6 21. Bxf8 Rxf8 22. Re1 h5 23. b4 Re8 24. Re6 1-0

[Event "Harburg-chB 5th"]
[Site "Hamburg"]
[Date "2007.07.07"]
[Round "3"]
[White "Borgmeyer, Max"]
[Black "Schmidt Brauns, Rainer"]
[Result "1-0"]
[WhiteElo "1999"]
[BlackElo "2087"]
[PlyCount "63"]
[EventDate "2007.07.06"]
[EventType "tourn"]
[EventRounds "5"]
[EventCountry "GER"]
[SourceTitle "EXT 2008"]
[Source "ChessBase"]
[SourceDate "2007.11.25"]
[SourceVersion "1"]
[SourceVersionDate "2007.11.25"]
[SourceQuality "1"]

1. e4 c6 2. d4 d5 3. exd5 cxd5 4. Bd3 Nc6 5. c3 Nf6 6. Bf4 g6 7. Nf3 Bg7 8. 0-0 0-0 9. Nbd2 Bg4 10. h3 Bxf3 11. Nxf3 Rc8 12. Qb3 Na5 13. Qb4 a6 14. Ne5 e6 15. Be2 Re8 16. Nd3 Bf8 17. Qa4 Qb6 18. Be5 Ne4 19. Rfd1 Red8 20. f3 f6 21. fxe4 fxe5 22. Nxe5 Qxb2 23. Bg4 Rxc3 24. Qxa5 Rc2 25. Bf3 dxe4 26. Bxe4 Rxg2+ 27. Bxg2 Rxd4 28. Rab1 Rxd1+ 29. Rxd1 b6 30. Qe1 Bc5+ 31. Kh1 Qxa2 32. Qf1 1-0

[Event "Harburg-chB 5th"]
[Site "Hamburg"]
[Date "2007.07.06"]
[Round "1"]
[White "Schoengart, Ralf"]
[Black "Schmidt Brauns, Rainer"]
[Result "1-0"]
[WhiteElo "2128"]
[BlackElo "2087"]
[PlyCount "47"]
[EventDate "2007.07.06"]
[EventType "tourn"]
[EventRounds "5"]
[EventCountry "GER"]
[SourceTitle "EXT 2008"]
[Source "ChessBase"]
[SourceDate "2007.11.25"]
[SourceVersion "1"]
[SourceVersionDate "2007.11.25"]
[SourceQuality "1"]

1. d4 d5 2. c4 c6 3. Nc3 Nf6 4. Bf4 dxc4 5. e3 b5 6. a4 Nd5 7. axb5 Nxc3 8. bxc3 cxb5 9. Qf3 Nc6 10. Qxc6+ Bd7 11. Qb7 e6 12. Bc7 Qc8 13. Qxc8+ Bxc8 14. Nf3 Bb7 15. Be2 Kd7 16. Ba5 Bd6 17. 0-0 f6 18. Rfb1 Bc6 19. Nd2 a6 20. Bf3 g5 21. Bxc6+ Kxc6 22. Ne4 Be7 23. Bb4 Bxb4 24. cxb4 1-0

[Event "Harburg-chB 4th"]
[Site "Hamburg"]
[Date "2006.08.13"]
[Round "4"]
[White "Dettmann, Steffen"]
[Black "Schmidt Brauns, Rainer"]
[Result "0-1"]
[WhiteElo "2100"]
[BlackElo "2071"]
[PlyCount "98"]
[EventDate "2006.08.??"]
[EventType "tourn"]
[EventRounds "5"]
[EventCountry "GER"]
[SourceTitle "EXT 2008"]
[Source "ChessBase"]
[SourceDate "2007.11.25"]
[SourceVersion "1"]
[SourceVersionDate "2007.11.25"]
[SourceQuality "1"]

1. e4 c6 2. Nc3 d5 3. Nf3 Bg4 4. h3 Bxf3 5. Qxf3 e6 6. a3 Nf6 7. d3 Be7 8. g3 0-0 9. Bg2 d4 10. Nd1 e5 11. 0-0 c5 12. b3 Nc6 13. Qe2 Rc8 14. f4 Nd7 15. Nf2 b5 16. h4 exf4 17. gxf4 Bxh4 18. Ng4 f5 19. exf5 Qe7 20. Qe6+ Qxe6 21. fxe6 Nf6 22. Nxf6+ Bxf6 23. a4 a6 24. axb5 axb5 25. Bd2 Rfe8 26. Rfe1 Kf8 27. Re2 Re7 28. Be1 Ra7 29. Rxa7 Nxa7 30. Ba5 Nc6 31. Bb6 Ne7 32. Re1 Nf5 33. Bb7 Rb8 34. Bxc5+ Be7 35. Re5 g6 36. Bxe7+ Kxe7 37. Bc6 b4 38. Bd5 Rb5 39. Bc4 Rxe5 40. fxe5 Ne3 41. Kf2 g5 42. Kf3 g4+ 43. Kf4 h5 44. Ba6 h4 45. Bb7 g3 46. Kf3 Kxe6 47. Bc8+ Kxe5 48. Bh3 Nxc2 49. Kg4 Ne1 0-1

[Event "Harburg-chB 4th"]
[Site "Hamburg"]
[Date "2006.08.13"]
[Round "5"]
[White "Schmidt Brauns, Rainer"]
[Black "Emami, Madjid"]
[Result "0-1"]
[WhiteElo "2071"]
[BlackElo "2100"]
[PlyCount "74"]
[EventDate "2006.08.??"]
[EventType "tourn"]
[EventRounds "5"]
[EventCountry "GER"]
[SourceTitle "EXT 2008"]
[Source "ChessBase"]
[SourceDate "2007.11.25"]
[SourceVersion "1"]
[SourceVersionDate "2007.11.25"]
[SourceQuality "1"]

1. d4 g6 2. Nf3 Bg7 3. c4 d6 4. Nc3 c6 5. g3 Nd7 6. Bg2 Qc7 7. 0-0 e5 8. d5 Nh6 9. e4 f6 10. h3 0-0 11. Be3 Nf7 12. Qd2 c5 13. Rac1 f5 14. Ng5 Nxg5 15. Bxg5 Nf6 16. Kh2 a6 17. a3 Nh5 18. Bf3 Qf7 19. Bxh5 gxh5 20. f4 Qg6 21. Qe3 Bd7 22. b4 b6 23. bxc5 bxc5 24. Rb1 Rab8 25. Bh4 fxe4 26. Rxb8 Rxb8 27. Nxe4 Qf5 28. Ng5 Rb2+ 29. Rf2 exf4 30. Qf3 fxg3+ 31. Kxg3 Rxf2 32. Qxf2 Qd3+ 33. Kg2 Bf5 34. Bg3 Bd4 35. Qa2 Qe3 36. Nf3 Be4 37. Qf2 Bxf3+ 0-1

[Event "Harburg-chB 4th"]
[Site "Hamburg"]
[Date "2006.08.12"]
[Round "2"]
[White "Schmidt Brauns, Rainer"]
[Black "Schausten, Peter"]
[Result "1-0"]
[WhiteElo "2071"]
[BlackElo "2103"]
[PlyCount "115"]
[EventDate "2006.08.??"]
[EventType "tourn"]
[EventRounds "5"]
[EventCountry "GER"]
[SourceTitle "EXT 2008"]
[Source "ChessBase"]
[SourceDate "2007.11.25"]
[SourceVersion "1"]
[SourceVersionDate "2007.11.25"]
[SourceQuality "1"]

1. d4 d5 2. c4 Nc6 3. cxd5 Qxd5 4. Nf3 e5 5. Nc3 Bb4 6. dxe5 Qxd1+ 7. Kxd1 Bg4 8. Bg5 h6 9. Bh4 g5 10. Bg3 0-0-0+ 11. Kc1 Nge7 12. h3 Bxf3 13. exf3 Ng6 14. Bb5 Ncxe5 15. Kc2 c6 16. Ba4 f5 17. Bxe5 Nxe5 18. Bb3 Rhe8 19. Rad1 Bc5 20. Rxd8+ Kxd8 21. Nd1 Kc7 22. h4 g4 23. fxg4 fxg4 24. Re1 Kd7 25. Re4 h5 26. Rf4 Ng6 27. Rf5 Re5 28. Rxe5 Nxe5 29. Kd2 Bd4 30. Bg8 c5 31. b3 b5 32. Ne3 Bxe3+ 33. Kxe3 Ke7 34. Ke4 Kf6 35. g3 a5 36. Bd5 c4 37. bxc4 Nxc4 38. Bc6 Nd6+ 39. Kd5 Ke7 40. Kc5 Ke6 41. Bxb5 Ne4+ 42. Kd4 Nd6 43. Bd3 Nf5+ 44. Bxf5+ Kxf5 45. a4 Kf6 46. Kc5 Ke5 47. Kb5 Ke4 48. Kxa5 Kf3 49. Kb4 Kxf2 50. a5 Kxg3 51. a6 Kxh4 52. a7 g3 53. a8Q Kh3 54. Qh1+ Kg4 55. Kc3 h4 56. Kd3 h3 57. Ke3 g2 58. Qh2 1-0

[Event "Hamburg Junge op"]
[Site "Hamburg"]
[Date "2005.10.07"]
[Round "5"]
[White "Schmidt Brauns, Rainer"]
[Black "Biermann Ratjen, Mathias"]
[Result "1/2-1/2"]
[WhiteElo "2053"]
[BlackElo "1862"]
[PlyCount "59"]
[EventDate "2005.10.01"]
[EventType "swiss"]
[EventRounds "9"]
[EventCountry "GER"]
[SourceTitle "CBM 108 Extra"]
[Source "ChessBase"]
[SourceDate "2005.11.04"]
[SourceVersion "1"]
[SourceVersionDate "2005.11.04"]
[SourceQuality "1"]

1. d4 d5 2. c4 e6 3. Nf3 c5 4. cxd5 exd5 5. Nc3 Nc6 6. g3 Nf6 7. Bg2 Be7 8. 0-0 0-0 9. dxc5 d4 10. Na4 Bf5 11. Bd2 a5 12. a3 Be4 13. Rc1 Qd5 14. Nb6 Qh5 15. Nxa8 Rxa8 16. h3 Rd8 17. b4 axb4 18. axb4 d3 19. e3 Qd5 20. Ne1 Bxg2 21. Nxg2 Ne4 22. Kh2 Ne5 23. f3 Nxd2 24. Qxd2 Nxf3+ 25. Rxf3 Qxf3 26. Nf4 Bf6 27. Nxd3 Rxd3 28. Qxd3 Qf2+ 29. Kh1 Qf3+ 30. Kh2 1/2-1/2

[Event "Hamburg Junge op"]
[Site "Hamburg"]
[Date "2005.10.07"]
[Round "7"]
[White "Schmidt Brauns, Rainer"]
[Black "Kurth, Michael"]
[Result "1-0"]
[WhiteElo "2053"]
[BlackElo "2167"]
[PlyCount "119"]
[EventDate "2005.10.01"]
[EventType "swiss"]
[EventRounds "9"]
[EventCountry "GER"]
[SourceTitle "CBM 108 Extra"]
[Source "ChessBase"]
[SourceDate "2005.11.04"]
[SourceVersion "1"]
[SourceVersionDate "2005.11.04"]
[SourceQuality "1"]

1. d4 Nf6 2. c4 e5 3. dxe5 Ne4 4. a3 d6 5. Nf3 Nc6 6. e3 Bg4 7. e6 fxe6 8. Be2 Be7 9. Nd4 Bh4 10. g3 Qf6 11. f4 Bxe2 12. Nxe2 Qh6 13. 0-0 Be7 14. Nbc3 Nf6 15. Nd4 Qh3 16. Qe2 0-0 17. b4 Ng4 18. Qg2 Qxg2+ 19. Kxg2 e5 20. Ne6 Rf7 21. Nxc7 Rc8 22. N7d5 Nb8 23. Bb2 Rxc4 24. Rac1 Nc6 25. h3 Nf6 26. Rfd1 Bf8 27. Nxf6+ gxf6 28. Nd5 Rxc1 29. Rxc1 a6 30. Kf3 f5 31. e4 fxe4+ 32. Kxe4 Bg7 33. f5 Bh6 34. Rd1 Bf8 35. g4 Ne7 36. Nxe7+ Bxe7 37. Rc1 Bf8 38. Rc8 h6 39. Bc1 Kh7 40. Be3 d5+ 41. Kxd5 Bg7 42. Ke4 Rd7 43. Rc3 Bf6 44. Rd3 Rc7 45. Bc5 Kg7 46. Bd6 Rc1 47. Re3 Rc4+ 48. Kf3 Rf4+ 49. Kg3 Rd4 50. Bxe5 Bxe5+ 51. Rxe5 Rd3+ 52. Kh4 b5 53. Re7+ Kg8 54. Re6 Rxa3 55. Rxh6 Ra4 56. Kg5 Kf7 57. Rb6 Rxb4 58. Rxa6 Rc4 59. Ra7+ Kf8 60. Kg6 1-0

[Event "Hamburg Junge op"]
[Site "Hamburg"]
[Date "2005.10.03"]
[Round "3"]
[White "Schmidt Brauns, Rainer"]
[Black "Floor, Dirk"]
[Result "1/2-1/2"]
[WhiteElo "2053"]
[BlackElo "2222"]
[PlyCount "53"]
[EventDate "2005.10.01"]
[EventType "swiss"]
[EventRounds "9"]
[EventCountry "GER"]
[SourceTitle "CBM 108 Extra"]
[Source "ChessBase"]
[SourceDate "2005.11.04"]
[SourceVersion "1"]
[SourceVersionDate "2005.11.04"]
[SourceQuality "1"]

1. d4 Nf6 2. c4 e6 3. g3 c5 4. Nf3 cxd4 5. Nxd4 Qc7 6. b3 a6 7. Bg2 Be7 8. 0-0 0-0 9. Bb2 d6 10. Nc3 Bd7 11. Rc1 Rd8 12. e4 Be8 13. Qe2 Nc6 14. Rfd1 Nxd4 15. Rxd4 Rac8 16. Rcd1 Qb8 17. h3 b5 18. cxb5 axb5 19. b4 Rc4 20. a3 Rdc8 21. Qe3 R8c7 22. e5 dxe5 23. Qxe5 Nd7 24. Qe2 Nf6 25. Qe5 Nd7 26. Qe2 Nf6 27. Qe5 1/2-1/2

[Event "Harburg-chC 3rd"]
[Site "Hamburg"]
[Date "2005.06.25"]
[Round "2"]
[White "Kemeny, Matthias"]
[Black "Schmidt Brauns, Rainer"]
[Result "1/2-1/2"]
[WhiteElo "2032"]
[BlackElo "2069"]
[PlyCount "155"]
[EventDate "2005.06.??"]
[EventType "tourn"]
[EventRounds "5"]
[EventCountry "GER"]
[SourceTitle "EXT 2006"]
[Source "ChessBase"]
[SourceDate "2005.11.24"]
[SourceVersion "1"]
[SourceVersionDate "2005.11.24"]
[SourceQuality "1"]

1. e4 c6 2. d4 d5 3. Nd2 dxe4 4. Nxe4 Nd7 5. Bc4 Ngf6 6. Ng5 e6 7. Qe2 Nb6 8. Bb3 h6 9. N5f3 Be7 10. c3 0-0 11. Ne5 Nbd7 12. Ngf3 Nxe5 13. Nxe5 c5 14. Be3 Qc7 15. Bc2 b6 16. Ng4 Bb7 17. Nxf6+ Bxf6 18. Qd3 Rfd8 19. Qh7+ Kf8 20. Be4 Bxe4 21. Qxe4 cxd4 22. cxd4 Qc4 23. a3 Bxd4 24. Bxd4 Qxd4 25. Qe2 Qd3 26. Rc1 Rac8 27. Qxd3 Rxc1+ 28. Ke2 Rxd3 29. Rxc1 Rd7 30. g3 Ke7 31. Rc4 e5 32. Rc6 Kd8 33. Rc2 Rc7 34. Rd2+ Ke7 35. Ke3 Ke6 36. f4 exf4+ 37. Kxf4 f5 38. Ke3 g5 39. Re2 Kf6 40. Rd2 Ke5 41. Rf2 Rc4 42. Rd2 Re4+ 43. Kf3 Rd4 44. Re2+ Kd5 45. Re7 Kc4 46. Rxa7 Rd2 47. Ra4+ Kc5 48. h4 Rxb2 49. hxg5 hxg5 50. Ra7 Rb3+ 51. Kf2 f4 52. gxf4 gxf4 53. a4 Ra3 54. Ra6 Kc6 55. Ra7 Kd5 56. Ra6 Kc6 57. Ra7 Rc3 58. Rf7 Rc4 59. Ra7 Rb4 60. Kf3 Rc4 61. Kf2 Kc5 62. Kf3 Kc6 63. Kf2 Rc3 64. Rf7 f3 65. Ra7 Rc5 66. Kxf3 Ra5 67. Rh7 Rxa4 68. Ke3 Rc4 69. Kd3 Rc5 70. Rh8 Kb5 71. Ra8 Kb4 72. Ra1 Rc3+ 73. Kd2 b5 74. Rh1 Kb3 75. Rb1+ Kc4 76. Rxb5 Rd3+ 77. Kc2 Kxb5 78. Kxd3 1/2-1/2

[Event "Oberliga Nord N 0405"]
[Site "Germany"]
[Date "2005.01.30"]
[Round "6.7"]
[White "Schmidt Brauns, Rainer"]
[Black "Ilgner, Andreas"]
[Result "0-1"]
[WhiteElo "2106"]
[BlackElo "2146"]
[PlyCount "66"]
[EventDate "2004.10.24"]
[EventType "team-tourn"]
[EventRounds "9"]
[EventCountry "GER"]
[SourceTitle "EXT 2006"]
[Source "ChessBase"]
[SourceDate "2005.11.24"]
[SourceVersion "1"]
[SourceVersionDate "2005.11.24"]
[SourceQuality "1"]
[WhiteTeam "Glinde"]
[BlackTeam "Luebeck II"]
[WhiteTeamCountry "GER"]
[BlackTeamCountry "GER"]

1. d4 d5 2. c4 e6 3. Nf3 c5 4. cxd5 exd5 5. Nc3 Nc6 6. g3 Nf6 7. Bg2 Be7 8. 0-0 0-0 9. Bg5 cxd4 10. Nxd4 Re8 11. e3 Bg4 12. Qa4 Qd7 13. Bxf6 Bxf6 14. Nxd5 Bxd4 15. exd4 Be2 16. Rfe1 b5 17. Qc2 Bc4 18. Ne3 Nxd4 19. Qd1 Rad8 20. b3 Be6 21. Rc1 Bh3 22. Bh1 Be6 23. Bg2 Rc8 24. Rxc8 Rxc8 25. Nd5 Nc2 26. Re2 Nb4 27. Rd2 Nxd5 28. Bxd5 Rd8 29. Rd3 Bxd5 30. Rd4 h6 31. Qd2 Qc6 32. h4 Rd7 33. g4 Be6 0-1

[Event "Harburg-chB 2nd"]
[Site "Hamburg"]
[Date "2004.06.20"]
[Round "4"]
[White "Ramme, Christoph"]
[Black "Schmidt Brauns, Rainer"]
[Result "1/2-1/2"]
[WhiteElo "2108"]
[BlackElo "2150"]
[PlyCount "100"]
[EventDate "2004.06.18"]
[EventType "tourn"]
[EventRounds "5"]
[EventCountry "GER"]
[SourceTitle "EXT 2005"]
[Source "ChessBase"]
[SourceDate "2004.11.15"]
[SourceVersion "1"]
[SourceVersionDate "2004.11.15"]
[SourceQuality "1"]

1. d4 d5 2. Nf3 Nf6 3. c4 c6 4. Nc3 g6 5. cxd5 cxd5 6. Bf4 Bg7 7. e3 0-0 8. h3 Nc6 9. Bd3 Bf5 10. 0-0 Bxd3 11. Qxd3 e6 12. Qb5 Na5 13. Rfc1 a6 14. Qe2 b5 15. Rc2 Nc4 16. Nd1 Qa5 17. b3 Na3 18. Bc7 Qb4 19. Rc6 Rfe8 20. Rac1 Bf8 21. Ne5 Ne4 22. Nc3 Nxc3 23. R1xc3 Qe7 24. Bd6 Qd8 25. Bxf8 Rxf8 26. Qf3 Ra7 27. Qf4 b4 28. R3c5 Nb5 29. Qh6 Nc3 30. Ng4 Ne4 31. f3 Nf6 32. Qg5 Nxg4 33. Qxd8 Rxd8 34. hxg4 a5 35. Rb6 g5 36. Kf2 Kg7 37. Ke2 Kg6 38. Kd3 h5 39. gxh5+ Kxh5 40. g3 Kg6 41. e4 dxe4+ 42. fxe4 Rad7 43. d5 Kh5 44. Rxa5 exd5 45. Rxb4 dxe4+ 46. Kxe4 Rd3 47. Rf5 Rxg3 48. Rbb5 Rd2 49. Rxf7 Rxa2 50. Kd5 Kg6 1/2-1/2

[Event "Harburg-chB 2nd"]
[Site "Hamburg"]
[Date "2004.06.19"]
[Round "3"]
[White "Schmidt Brauns, Rainer"]
[Black "Schoengart, Ralf"]
[Result "1-0"]
[WhiteElo "2150"]
[BlackElo "2100"]
[PlyCount "117"]
[EventDate "2004.06.18"]
[EventType "tourn"]
[EventRounds "5"]
[EventCountry "GER"]
[SourceTitle "EXT 2005"]
[Source "ChessBase"]
[SourceDate "2004.11.15"]
[SourceVersion "1"]
[SourceVersionDate "2004.11.15"]
[SourceQuality "1"]

1. d4 Nf6 2. c4 e5 3. dxe5 Ng4 4. Nf3 Bc5 5. e3 Nc6 6. Bd2 Ngxe5 7. Nxe5 Nxe5 8. Be2 0-0 9. Bc3 Qe7 10. Nd2 a5 11. 0-0 Ra6 12. Nf3 Ng4 13. Bd4 Rg6 14. Bxc5 Qxc5 15. Qd4 Qh5 16. Qf4 d6 17. Rad1 Nf6 18. Nd4 Qc5 19. Nb3 Qb6 20. Qd4 Qa6 21. Rfe1 Re8 22. f3 a4 23. Nc1 Qa5 24. Nd3 Qg5 25. Bf1 b6 26. Nf4 Rh6 27. Nd5 Nxd5 28. cxd5 Bd7 29. Rc1 Rh4 30. Qd2 Qe5 31. g3 Rh5 32. Rxc7 Rd8 33. e4 Qf6 34. Qc3 Qxc3 35. Rxc3 Re5 36. Rc7 f5 37. Kf2 fxe4 38. Rxe4 Rxe4 39. fxe4 Rf8+ 40. Ke1 Bg4 41. Rc6 Bf3 42. Bd3 Re8 43. Rxd6 Bxe4 44. Kd2 Bf3 45. Bc4 b5 46. Bxb5 Rb8 47. Bc4 Rxb2+ 48. Ke3 Bg4 49. Kd4 Kf8 50. Ra6 Rxh2 51. Rxa4 Rd2+ 52. Ke5 Kf7 53. d6+ Kg6 54. Bd5 h5 55. Be4+ Kh6 56. Rd4 Rxa2 57. d7 Bxd7 58. Rxd7 Ra3 59. Rd6+ 1-0

[Event "Harburg-chB 2nd"]
[Site "Hamburg"]
[Date "2004.06.19"]
[Round "2"]
[White "Sechting, Martin"]
[Black "Schmidt Brauns, Rainer"]
[Result "1-0"]
[WhiteElo "2108"]
[BlackElo "2150"]
[PlyCount "33"]
[EventDate "2004.06.18"]
[EventType "tourn"]
[EventRounds "5"]
[EventCountry "GER"]
[SourceTitle "EXT 2005"]
[Source "ChessBase"]
[SourceDate "2004.11.15"]
[SourceVersion "1"]
[SourceVersionDate "2004.11.15"]
[SourceQuality "1"]

1. d4 d5 2. c4 c6 3. cxd5 cxd5 4. Nf3 Nc6 5. Nc3 Nf6 6. Bf4 e6 7. e3 Be7 8. Bd3 Bd7 9. h3 a6 10. 0-0 0-0 11. Rc1 b5 12. Ne5 Qb6 13. Bb1 Rfd8 14. g4 Be8 15. g5 Nd7 16. Nxd5 exd5 17. Nxc6 1-0

[Event "Harburg-chB 2nd"]
[Site "Hamburg"]
[Date "2004.06.18"]
[Round "1"]
[White "Schmidt Brauns, Rainer"]
[Black "Juergens, Bernhard"]
[Result "0-1"]
[WhiteElo "2150"]
[BlackElo "1981"]
[PlyCount "118"]
[EventDate "2004.06.18"]
[EventType "tourn"]
[EventRounds "5"]
[EventCountry "GER"]
[SourceTitle "EXT 2005"]
[Source "ChessBase"]
[SourceDate "2004.11.15"]
[SourceVersion "1"]
[SourceVersionDate "2004.11.15"]
[SourceQuality "1"]

1. d4 f5 2. Nf3 Nf6 3. c4 g6 4. g3 Bg7 5. Bg2 0-0 6. 0-0 d6 7. Nc3 Qe8 8. d5 Na6 9. Be3 c5 10. dxc6 bxc6 11. Nd4 Bd7 12. Qa4 Nc5 13. Qc2 Ng4 14. b4 Nxe3 15. fxe3 Ne6 16. Rad1 Rc8 17. Qd3 Nd8 18. Nc2 Nf7 19. Nb1 Ne5 20. Qb3 Qf7 21. Nd2 Be6 22. Nd4 Bxc4 23. Nxc4 Qxc4 24. Qxc4+ Nxc4 25. Nxc6 Rxc6 26. Bxc6 Nxe3 27. Rd3 Nxf1 28. Kxf1 Be5 29. e3 e6 30. b5 d5 31. a4 Rc8 32. Ke2 Kf7 33. Kf3 Ke7 34. a5 Bd6 35. a6 Bc5 36. Rc3 Bb6 37. h3 Ba5 38. Ra3 Bb6 39. Ra4 h5 40. g4 hxg4+ 41. hxg4 Rh8 42. gxf5 gxf5 43. Ra1 Rh3+ 44. Kg2 Rxe3 45. Rh1 f4 46. Rh7+ Kd6 47. Rf7 f3+ 48. Rxf3 Rxf3 49. Kxf3 e5 50. Ke2 e4 51. Kd2 Ke5 52. Be8 Kf4 53. Bh5 Ba5+ 54. Ke2 d4 55. Bg6 d3+ 56. Kd1 Ke3 57. Bf5 Kd4 58. Bg4 e3 59. Bh5 Kc5 0-1

[Event "Schleswig Holstein-ch VM 59th"]
[Site "Buesum"]
[Date "2004.??.??"]
[Round "8"]
[White "Rathje, Christian"]
[Black "Schmidt Brauns, Rainer"]
[Result "1-0"]
[WhiteElo "2080"]
[BlackElo "2119"]
[PlyCount "67"]
[EventDate "2004.??.??"]
[EventType "tourn"]
[EventRounds "9"]
[EventCountry "GER"]
[SourceTitle "EXT 2010"]
[Source "ChessBase"]
[SourceDate "2010.11.25"]
[SourceVersion "1"]
[SourceVersionDate "2010.11.25"]
[SourceQuality "1"]

1. e4 c6 2. d4 d5 3. e5 Bf5 4. h4 h5 5. c4 e6 6. Nc3 Ne7 7. Bg5 Nd7 8. cxd5 cxd5 9. Nb5 Qa5+ 10. Bd2 Qb6 11. Nd6+ Kd8 12. Nxf7+ Ke8 13. Nxh8 Qxd4 14. Bc3 Qxd1+ 15. Rxd1 g6 16. Bb5 Rd8 17. f4 Bg7 18. Nxg6 Bxg6 19. Nf3 a6 20. Bd3 Bxd3 21. Rxd3 Nc5 22. Rd1 Nf5 23. Ng5 Ng3 24. Rh3 Nge4 25. Bb4 Kd7 26. Bxc5 Nxc5 27. Rc3 Na4 28. Rc2 Bf8 29. Rdc1 Bb4+ 30. Kf1 d4 31. Rc4 Bd2 32. Rxd4+ Ke8 33. Rxd8+ Kxd8 34. Rd1 1-0

[Event "Schleswig Holstein-ch VM 59th"]
[Site "Buesum"]
[Date "2004.??.??"]
[Round "2"]
[White "Schmidt Brauns, Rainer"]
[Black "Herholz, Holger"]
[Result "1-0"]
[WhiteElo "2119"]
[BlackElo "2118"]
[PlyCount "120"]
[EventDate "2004.??.??"]
[EventType "tourn"]
[EventRounds "9"]
[EventCountry "GER"]
[SourceTitle "EXT 2010"]
[Source "ChessBase"]
[SourceDate "2010.11.25"]
[SourceVersion "1"]
[SourceVersionDate "2010.11.25"]
[SourceQuality "1"]

1. d4 Nf6 2. c4 g6 3. Nc3 Bg7 4. e4 d6 5. Be2 0-0 6. Nf3 Nbd7 7. 0-0 c5 8. d5 Ng4 9. Ne1 Nh6 10. Be3 f5 11. Qd2 Ng4 12. Bxg4 fxg4 13. f4 gxf3 14. Nxf3 Ne5 15. Nxe5 Bxe5 16. Rxf8+ Qxf8 17. Re1 Bd7 18. b3 Qf6 19. Nd1 Qh4 20. g3 Qxe4 21. Bxc5 Qg4 22. Be3 b6 23. Nf2 Qf3 24. Nd3 Bf6 25. Nf4 Bf5 26. Qf2 Qxf2+ 27. Bxf2 Kf7 28. Ne6 Bxe6 29. Rxe6 Rf8 30. Re2 Be5 31. Be3 Kg7 32. Rf2 Rxf2 33. Kxf2 Kf6 34. Kf3 h5 35. Ke4 g5 36. a4 h4 37. gxh4 gxh4 38. h3 Kg6 39. Bd2 Bg3 40. a5 bxa5 41. Bxa5 a6 42. Bd2 Kf6 43. Bc3+ e5 44. b4 Bf2 45. Kf3 Bb6 46. Ke4 Bf2 47. Bb2 Be1 48. Ba3 Bc3 49. c5 Ke7 50. c6 Be1 51. Kf5 Bd2 52. Ke4 Bc3 53. Bc1 Bxb4 54. Bg5+ Ke8 55. Kf5 Ba5 56. Bxh4 Bc7 57. Bg5 Kf7 58. h4 a5 59. h5 a4 60. Bc1 Kg7 1-0